| 000 | 01003nac a2200325 i 4500 | ||
|---|---|---|---|
| 003 | EG-GICUC | ||
| 005 | 20260121101543.0 | ||
| 008 | 900320s1999 enka fr 001 0 eng d | ||
| 020 | _a0421657006 | ||
| 020 | _a9780421657007 | ||
| 040 |
_aDLC _cDLC _beng _dEG-GiCUC _erda |
||
| 043 | _ae-uk--- | ||
| 082 | 0 | 0 |
_a343.3 _221 |
| 092 | 0 | 4 | _221 |
| 099 | _aLaw 10 1999 | ||
| 100 | 1 | _aBing, Inigo. | |
| 245 | 1 | 0 |
_aCriminal procedure and sentencing in the magistrates' court / _cInigo Bing. |
| 250 | _a5th edition. | ||
| 264 |
_aLondon : _bSweet & Maxwell, _c1999. |
||
| 300 |
_axxxvii, 290 page : _billustrations ; _c26 cm. |
||
| 336 |
_atext _btxt _2rdacontent |
||
| 337 |
_aunmediated _bn _2rdamedia |
||
| 338 |
_avolume _bnc _2rdacarrier |
||
| 500 | _aIncludes indexes. | ||
| 650 | 0 |
_aCriminal procedure _zGreat Britain. |
|
| 650 | 0 |
_aSentences (Criminal procedure) _zGreat Britain. |
|
| 856 | 4 | 0 | _uhttps://fll.law.cu.edu.eg/fulltext/bks/ENGB10-00100.pdf |
| 905 | _a10 | ||
| 942 |
_2ddc _cBK _e21 _n0 |
||
| 999 |
_c52829 _d52829 |
||